10 Największych jezior w Polsce - Statystyki

Ogólne statystyki
  • Ten quiz został rozwiązany 44 razy
  • Średni wynik to 6 z 10
Statystyki odpowiedzi
Nr. Województwo powierzchnia (km²) Odpowiedź % Poprawnych
1 Warmińsko-mazurskie 113 Śniardwy
88%
2 Warmińsko -mazurskie 105 Mamry
83%
3 Pomorskie 71 Łebsko
79%
10 Podlaskie 21 Wigry
75%
6 Warmińsko -mazurskie 32 Jeziorak
67%
4 Zachodnio-pomorskie 56 Dąbie
58%
8 Pomorskie 24 Gardno
50%
5 Zachodnio-pomorskie 35 Miedwie
50%
7 Warmińsko -mazurskie 26 Niegocin
50%
9 Zachodnio-pomorskie 22 Jamno
42%
Nie znaleziono quizów pasujących do podanych kryteriów
Rozkład punktacji
Procent ludzi z każdym wynikiem
Percentyl według liczby udzielonych odpowiedzi
Twoja historia wyników
Nie rozwiązałeś tego quizu